Work book to accompany student tutor CD-ROM (Record no. 13469)

MARC details
000 -LEADER
fixed length control field 01116cam a22003494a 4500
001 - CONTROL NUMBER
control field 13469
003 - CONTROL NUMBER IDENTIFIER
control field 04556876
005 - DATE AND TIME OF LATEST TRANSACTION
control field 20260204114801.0
008 - FIXED-LENGTH DATA ELEMENTS--GENERAL INFORMATION
fixed length control field 020402s2003 njua 001 0 eng
010 ## - LIBRARY OF CONGRESS CONTROL NUMBER
LC control number 2002005105
020 ## - INTERNATIONAL STANDARD BOOK NUMBER
International Standard Book Number 08053549X
020 ## - INTERNATIONAL STANDARD BOOK NUMBER
International Standard Book Number 9780805354591
035 ## - SYSTEM CONTROL NUMBER
System control number 12727963
040 ## - CATALOGING SOURCE
Original cataloging agency DLC
Transcribing agency DLC
Modifying agency DLC
-- BSULIB
042 ## - AUTHENTICATION CODE
Authentication code pcc
050 00 - LIBRARY OF CONGRESS CALL NUMBER
Classification number QM23.2
Item number .M356 2003
082 00 - DEWEY DECIMAL CLASSIFICATION NUMBER
Classification number 611
Edition number 21
Item number IRE
100 1# - MAIN ENTRY--PERSONAL NAME
Personal name Ireland A, Kathleen
9 (RLIN) 26262
245 10 - TITLE STATEMENT
Title Work book to accompany student tutor CD-ROM
Statement of responsibility, etc Ireland A. Kathleen
250 ## - EDITION STATEMENT
Edition statement 4th ed.
260 ## - PUBLICATION, DISTRIBUTION, ETC. (IMPRINT)
Place of publication, distribution, etc New York:
Name of publisher, distributor, etc Pearson Education Inc.,
Date of publication, distribution, etc c2004.
300 ## - PHYSICAL DESCRIPTION
Extent v, 121 p. :
Other physical details ill.
Dimensions 23cm.
650 #0 - SUBJECT ADDED ENTRY--TOPICAL TERM
Topical term or geographic name as entry element Human anatomy.
9 (RLIN) 2420
650 #0 - SUBJECT ADDED ENTRY--TOPICAL TERM
Topical term or geographic name as entry element Human anatomy
9 (RLIN) 2420
655 #7 - INDEX TERM--GENRE/FORM
Source of term lcgft
700 1# - ADDED ENTRY--PERSONAL NAME
Personal name Timmons, Michael J.
9 (RLIN) 26263
700 1# - ADDED ENTRY--PERSONAL NAME
Personal name Tallitsch, Robert B.
9 (RLIN) 26264
906 ## - LOCAL DATA ELEMENT F, LDF (RLIN)
a 7
b cbc
c orignew
d 1
e ecip
f 20
g y-gencatlg
942 ## - ADDED ENTRY ELEMENTS (KOHA)
Source of classification or shelving scheme Dewey Decimal Classification
Koha item type Books
Holdings
Withdrawn status Lost status Source of classification or shelving scheme Damaged status Not for loan Home library Current library Shelving location Date acquired Inventory number Total Checkouts Full call number Barcode Date last seen Copy number Price effective from Koha item type Public note
    Dewey Decimal Classification     Main Library Main Library Open Shelves 04/02/2026 24990   611 IRE bsu26020138 04/02/2026 001 04/02/2026 Books Materials available in hard copy.

© 2017 Bishop Stuart University Library. All Rights Reserved.
Kakoba Campus, Plot 150 Buremba Road | P.O. Box 9, Mbarara, UGANDA | Tel: +256-772-463068
Email: library@bsu.ac.ug